Comisión de Planeación de la Costa de Jalisco, anuario 1956 /

La Comisión de Planeación de la Costa de Jalisco fue creada en septiembre de 1953 por el gobernador de Jalisco Agustín Yáñez para generar actividades económicas en la región e integrarlas al plan general de desarrollo del Estado. En este volumen se trata el informe anual del vocal ejecutivo de este...

Full description

Saved in:
Bibliographic Details
Corporate Author: Jalisco. Comisión de Planeación de la Costa de Jalisco
Format: Book
Language:Español
Published: Guadalajara, México : Comisión de Planeación de la Costa de Jalisco, 1957
Subjects:
Tags: Add Tag
No Tags, Be the first to tag this record!

MARC

LEADER 00000nam^a2200000^a^4500
001 000136671
005 20250521000000.0
009 20260310095326.397
037 |a Acervo ITESO - Biblioteca 
041 |a ESP 
082 |a 320. 972  |b PLA JAL ERE 1956 
110 |a Jalisco.  |b Comisión de Planeación de la Costa de Jalisco 
240 1 1 |a [Plan Estatal de Desarrollo de Jalisco] 
240 1 1 |a [Plan de Desarrollo en las Regiones] 
245 1 0 |a Comisión de Planeación de la Costa de Jalisco,  |b anuario 1956 / 
264 1 |a Guadalajara, México :  |b Comisión de Planeación de la Costa de Jalisco,  |c 1957 
300 |a 55, [35] p. 
336 |a texto  |b txt  |2 rdacontenido 
337 |a sin mediación  |b n  |2 rdamedio 
338 |a volumen  |b nc  |2 rdasoporte 
520 |a La Comisión de Planeación de la Costa de Jalisco fue creada en septiembre de 1953 por el gobernador de Jalisco Agustín Yáñez para generar actividades económicas en la región e integrarlas al plan general de desarrollo del Estado. En este volumen se trata el informe anual del vocal ejecutivo de este organismo José Rogelio Alvarez. 
649 |a XX 
650 |a Jalisco -  |x Planeación -  |x Tema Principal 
650 |a México -  |x Planeación 
650 |a Recursos Naturales -  |z Jalisco 
650 |a Recursos Naturales -  |z México 
650 |a Comunicaciones y Tránsito -  |z Jalisco 
650 |a Comunicaciones y Tránsito -  |z México 
650 |a Planeación Regional -  |z Jalisco -  |x Tema Principal 
650 |a Planeación Regional -  |z México 
650 |a Desarrollo Regional -  |z Jalisco -  |x Tema Principal 
650 |a Desarrollo Regional -  |z México 
650 |a Administración Pública -  |z Jalisco -  |x Historia -  |y 1952-1958 
650 |a Administración Pública -  |z México -  |x Historia -  |y 1952-1958 
650 |a Política -  |z Jalisco -  |x Historia -  |y 1952-1958 
650 |a Política -  |z México -  |x Historia -  |y 1952-1958 
910 |a Fondo Salvador Reynoso Reynoso 
920 |a Impresos - Libros 
930 |a Fondos Especiales 
905 |a 112 
901 |a 0800013878  |b IT2  |c ESP  |u 20250521 
902 |a https://opac.biblio.iteso.mx/vufind/Record/000136671